000 00367nam a2200157Ia 4500
003 OSt
005 20240311111243.0
008 170523s9999 xx 000 0 und d
020 _a978-0761997207
040 _ciimtu meerut
100 _aSRINIVASAN- BALASUBRAMANIM
245 0 _aBRAIN RE-ENGINEERING
260 _bRESPONSE BOOKS
260 _c2003
942 _2ddc
_c02
999 _c1318
_d1318